000 01040nam a2200313 c 4500
003 EG-GICUC
005 20260409111401.0
008 260409s2003 fr ao ofr|||| 00| 0 fre d
020 _a2233004183
040 _aEG-GiCUC
_bfre
_cEG-GiCUC
_dEG-GiCUC
_eRda
041 0 _afre
082 0 4 _221
_a341.511
_bGU . C
092 0 4 _221
099 _aLaw1 11 341.511 GU . C 2003
100 1 _aGuillaume, Gillbert
_eAuteur
245 1 3 _aLa Cour Internationale De Justice À L'aube Du Xxième Siècle Le Regard D'un Juge /
_cGillbert Guillaume.
264 1 _aParis :
_bEditions A. Pedone,
_c2003.
300 _a331 page :
_billustration ,
_c24 cm.
336 _2rda contenu
_a texte
337 _2rda medias
_aOrdinateur
338 _2 transporteur rda
_a Ressource en ligne
504 _a
504 _aComprend des références bibliographiques.
546 _aTexte en français
650 1 4 _aDroit international public
856 4 0 _uhttps://fll.law.cu.edu.eg/fulltext/bks/B11-07153.pdf
905 _a48
942 _2ddc
_cBK
_e21
_n0
999 _c69809
_d69809